Top 20 Länder des ewigen Medaillenspiegel der Olympischen Winterspiele - Statistiken

Allgemein
  • Dieses Quiz wurde 158 mal gespielt
  • Das Durchschnittsergebnis liegt bei 18 aus 20
Antwortstatistiken
Anzahl Antwort % Korrekt
435 Deutschland
100%
225 Kanada
99%
405 Norwegen
99%
32 Russisches Olympisches Komitee
99%
121 Russland
99%
168 Schweiz
99%
330 Vereinigte Staaten
99%
250 Österreich
98%
176 Schweden
98%
138 Frankreich
96%
175 Finnland
95%
76 Japan
93%
77 China
91%
141 Italien
90%
34 Großbritannien
87%
147 Niederlande
83%
34 Tschechien
81%
79 Südkorea
80%
194 Sowjetunion
59%
25 Tschechoslowakei
36%
Keine übereinstimmenden Quizze gefunden
Verteilung der Resultate
Anzahl Personen mit jedem Resultat
Perzentil nach korrekt beantworteten Fragen
Ihre Resultats-Entwicklung
Sie haben dieses Quiz noch nicht gespielt